| 000 | 00816nam a22002297a 4500 | ||
|---|---|---|---|
| 999 |
_c4196 _d4196 |
||
| 001 | 7958 | ||
| 003 | BD-DhUAP | ||
| 005 | 20201103131040.0 | ||
| 008 | 201103t2004 si a 001 0 eng d | ||
| 020 | _a0070990107 | ||
| 040 |
_beng _aBD-DhUAP _cBD-DhUAP _dBD-DhUAP |
||
| 082 |
_a515.9 SPI _223 |
||
| 100 | 1 | _aSpiegel, Murray R. | |
| 245 | 1 | 0 |
_aSchaum's outlines theory and problems of complex variables : _b with an introduction to conformal mapping and its applications : si (metric) edition / _cMurray R. Spiegel. |
| 260 |
_aSingapore : _bMcGraw-Hill Book Co., _cc1981 [Reprinted 2004]. |
||
| 300 |
_a313 pages : _billustrations ; _c25 cm. |
||
| 490 | 0 | _aSchaum's outline series | |
| 500 | _aIncludes index. | ||
| 650 | 0 | _aFunctions of complex variables. | |
| 650 | 0 | _aConformal mapping. | |
| 942 |
_2ddc _cBK |
||